000 00559nam a2200241Ia 4500
003 IT-RoPAU
008 120407s9999 xx 000 0 und d
040 _aIT-RoPAU
040 _cIT-RoPAU
041 _aita
100 _aPio Vito Pinto
100 _ccur.
245 _aCommento al Codice di Diritto Canonico. A cura di Pio Vito Pinto
250 _aRoma
260 _aUrbaniana Press
260 _c1985
300 _a1162 p.
300 _c20,5 cm
490 _v1
710 _aPontificia Università Urbaniana
942 _cBK
999 _c24569
_d24569